000 00279nam a2200133Ia 4500
100 _aDavie Keith.
942 _cBK
654 _aManagement.
245 _aHuman relations at work.
260 _bTata Mc Graw hill
_c2001
082 _a658.3
300 _a559
546 _aENGLISH
999 _c27817
_d27817